Obálka Náhled e-knihy:
Epub
Pro půjčování e-knih musíte být přihlášeni.
Jak si půjčit online?

Berenice /

Time and again called one of Poe's most brutal horror short stories, "Berenice" employs themes similar to Poe's previous death of a beautiful woman, premature burial, and mental disorder. Though some autobiographical elements can be felt, the story still remains one of horror and...

Celý popis

Uloženo v:
Hlavní autor: Poe, Edgar Allan (Autor)
Médium: E-kniha
Jazyk:Czech
Vydáno: Praha : Saga Egmont, 2020
Tagy:
Žádné tagy
LEADER 01349nam a22002297i 4500
001 312239
007 ta
008 260601s2020 xr ||||| |||| 00| 0 cze d
020 |a 9990003948472 
044 |a xr 
100 1 |a  Poe, Edgar Allan  |4 aut 
245 1 0 |a Berenice /  |c  Poe, Edgar Allan 
264 1 |a Praha :  |b Saga Egmont,  |c 2020 
300 |a 1 online zdroj (5 stran) 
336 |a text  |b txt  |2 rdacontent 
337 |a bez média  |b n  |2 rdamedia 
338 |a online zdroj  |b cr  |2 rdacarrier 
520 2 |a Time and again called one of Poe's most brutal horror short stories, "Berenice" employs themes similar to Poe's previous death of a beautiful woman, premature burial, and mental disorder. Though some autobiographical elements can be felt, the story still remains one of horror and obsession. The dark and brooding atmosphere, together with the almost-maniacal obsession of the main character with his cousin, creates a story that is definitely not for the faint-hearted!- 
910 |a RBIT002 
998 |d 394847  |a https://core.palmknihy.cz/api/books/394847/cover?t5x1il  |b https://core.palmknihy.cz/api/books/394847/cover/400?t5x1il  |c https://core.palmknihy.cz/api/books/394847/cover/50?t5x1il  |e   |g 5  |i 9990003948472  |j https://core.palmknihy.cz/api/books/394847/preview.epub  |l   |q 49  |r 1  |s https://www.palmknihy.cz/kniha/394847  |t ebook  |y 2020  |z 1 
999 |d 312237